000 00527nam a2200181Ia 4500
005 20250508162648.0
008 008 250505s9999 xx 000 0 eng d
037 _aReference
040 _aFEDL
_beng
_cFEDL
041 _aeng
_2eng
084 _a152.8, PES
_qFEDL
100 _aPestonjee D M
245 0 _aSecond hand over of psychological and social instruments
260 _aNew Delhi, India
_bConcept Publishing Company
_c1988
300 _a407p.
942 _cREF
_h152.8, PES
999 _c1377918
_d1377918